| 000 | 00912nam a2200253 a 4500 | ||
|---|---|---|---|
| 001 | 40078 | ||
| 003 | BD-RjUL | ||
| 005 | 20211209053130.0 | ||
| 008 | 160421s1995 bg ||||| |||| 00| 0 ben d | ||
| 020 | _c: TK 100.00 | ||
| 035 | _a(BD-RjUL)40193 | ||
| 040 |
_aBD-RjUL _bben _cBD-RjUL |
||
| 041 | _aben | ||
| 082 |
_223 _a657.42 _bMOU 1995 |
||
| 100 |
_aমন্ডল, এম. এ. _9123414 |
||
| 245 | 1 | 0 |
_aউৎপাদনব্যয় হিসাববিজ্ঞান =Cost Accounting / _cএম. এ. মন্ডল |
| 250 | _a৬ষ্ঠ সং. | ||
| 260 |
_aরাজশাহী : _bঅনন্যা, _c১৯৯৫ |
||
| 300 |
_a খণ্ড : _bচিত্র ; _c১৮ সেমি |
||
| 505 | _aখণ্ড ২ -- | ||
| 650 |
_aউৎপাদনব্যয় হিসাববিজ্ঞান _9123415 |
||
| 650 |
_aCost Accounting _9117440 |
||
| 942 |
_2ddc _cBK |
||
| 999 |
_c40078 _d40078 |
||